| 000 | 00829ntaaa2200241 4500 | ||
|---|---|---|---|
| 003 | 01 | ||
| 005 | 20251027201859.0 | ||
| 008 | 0714s1973 ag 01 | ||
| 040 |
_aAR-BaBN _bspa _cAR-BaBN _eaacr _dRIC |
||
| 082 | _a230.4100 Em7 | ||
| 100 |
_aEmpie, Paul C. _917285 |
||
| 245 | _aMarburg revisited | ||
| 250 | _a1 ed. | ||
| 260 |
_aMinneapolis : _bAugsburg Publishing House, _cc1966 |
||
| 300 | _a193 p. | ||
| 500 | _aun estudio entre representantes luteranos y presbiterianos en Norteamérica sobre las diferencias teológicas entre las dos denominaciones con el fin de promover en compañerismo más estrecho entre ambos grupos | ||
| 650 | _aLuteranos | ||
| 650 |
_aPresbiterianos _911572 |
||
| 650 | _aTeología-Luterana | ||
| 650 |
_aTeología-Presbiteriana _917287 |
||
| 700 |
_aMcCord, James I. _917288 |
||
| 942 | _cBK | ||
| 999 |
_c13489 _d13489 |
||